| 000 | 00560 a2200169 4500 | ||
|---|---|---|---|
| 001 | 65749 | ||
| 082 | _a620.1'12 HIG | ||
| 100 | _aHigdon, Archie ; Edward H. Ohlson ; William B. Stiles | ||
| 245 |
_aMechanics of Materials, 4th Ed _cHigdon, Archie ; Edward H. Ohlson ; William B. Stiles |
||
| 250 | _a4 | ||
| 256 | _a4 | ||
| 260 |
_aNY _bJohn wiley & sons _c1985 |
||
| 300 |
_axvii, 744p. _bPhotocopy [ 68225- 68234 origional books] |
||
| 500 | _aBE textbook Aerospace | ||
| 600 | _aEdward H. Ohlson ; William B. Stiles | ||
| 650 | _aWilliam B. Stiles | ||
| 942 |
_aNUST CAE _k620.1'12 HIG |
||
| 999 |
_c300822 _d300822 |
||